The Book of shooting for sport and skill /

Bibliographic Details
Other Authors: Wilkinson, Frederick, 1922-
Format: Book
Language:English
Published: New York : Crown Publishers, 1980.
Subjects:

MARC

Tag First Indicator Second Indicator Subfields
LEADER 00000cam a2200000 a 4500
001 in00000085909
005 20151008064341.0
008 810828s1980 nyua b 00100 eng
010 |a  80050322  
020 |a 0517541777 :  |c $19.95 
035 |a (OCoLC)06646552 
035 |9 AAK4017AM 
039 0 |a 2  |b 3  |c 3  |d 3  |e 3 
040 |a DLC  |c DLC  |d TXA  |d UtOrBLW 
049 |a TXAM  |c [1362020] 
050 0 0 |a GV1153  |b .B65 1980 
082 0 |a 799.3/12  |2 19 
245 0 4 |a The Book of shooting for sport and skill /  |c edited by Frederick Wilkinson. 
264 1 |a New York :  |b Crown Publishers,  |c 1980. 
300 |a 351 pages :  |b illustrations (some color) ;  |c 25 cm. 
336 |a text  |b txt  |2 rdacontent 
337 |a unmediated  |b n  |2 rdamedia 
338 |a volume  |b nc  |2 rdacarrier 
500 |a "A Herbert Michelman book." 
500 |a Includes index. 
504 |a Bibliography: pages 340-341. 
650 0 |a Shooting. 
700 1 |a Wilkinson, Frederick,  |d 1922- 
999 |a MARS 
999 f f |s e6c127fa-1b1d-3172-9d3e-1e8a32c6e3ca  |i f8fa7a71-7bb8-3dd5-9464-51836b28a56e  |t 0 
952 f f |p ric  |a Texas A&M University  |b Rellis Campus  |c Joint Library Facility  |d Remote Storage  |t 0  |e GV1153 .B65 1980  |h Library of Congress classification  |i unmediated -- volume  |m A14806117307 
998 f f |a GV1153 .B65 1980  |t 0  |l Remote Storage